Laboratory Manual in Metallography (Record no. 548902)

000 -LEADER
fixed length control field 00305nam a22001097a 4500
082 ## - DEWEY DECIMAL CLASSIFICATION NUMBER
Classification number 669.95
Author Mark LAB
-- L-17, P-32
245 ## - TITLE STATEMENT
Title Laboratory Manual in Metallography
260 ## - PUBLICATION, DISTRIBUTION, ETC.
Place of publication, distribution, etc. New York
Name of publisher, distributor, etc. McGraw Hill
Date of publication, distribution, etc. c1946
300 ## - PHYSICAL DESCRIPTION
Extent vii, p 344
Other physical details ill
Dimensions 22 cm
526 ## - STUDY PROGRAM INFORMATION NOTE
Program name 0
Interest level 0
Reading level 0
Title point value 669_950000000000000_LAB
942 ## - ADDED ENTRY ELEMENTS (KOHA)
Source of classification or shelving scheme
Koha item type Book
Holdings
Withdrawn status Lost status Source of classification or shelving scheme Damaged status Not for loan Permanent Location Current Location Date acquired Total Checkouts Full call number Barcode Date last seen Price effective from Koha item type
          Military College of Engineering (MCE) Military College of Engineering (MCE) 09/10/2014   669.95 LAB MCE-40577 09/10/2014 09/10/2014 Book
© 2023 Central Library, National University of Sciences and Technology. All Rights Reserved.